Cuestiones curiosas de química

Zapisane w:
Opis bibliograficzny
Główni autorzy: Vinagre Arias, Francisco (Autor), Remedios Mulero, M (Autor), Guerra, Juan Francisco (Autor)
Format: Książka
Język:hiszpański
Wydane: Madrid Alianza Editorial 1998
Wydanie:1a. ed
Seria:Ciencia y Técnica
Hasła przedmiotowe:
Etykiety: Dodaj etykietę
Nie ma etykietki, Dołącz pierwszą etykiete!

MARC

LEADER 00000nam a2200000 a 4500
001 UCH6466
003 CL-VaPUC
008 091109e19980000SP |||||||||||||||||spa|d
020 |a 8420639877 
082 0 4 |a 540  |b VIN  |2 21 
100 0 |a Vinagre Arias, Francisco  |e author  |9 543006 
700 0 |a Remedios Mulero, M  |e author  |9 543007 
700 0 |a Guerra, Juan Francisco  |e author  |9 543008 
245 1 0 |a Cuestiones curiosas de química 
250 |a 1a. ed 
300 |a 258 p 
942 |c BK 
945 |d 20091109 00:00:00  |a ccalabra 
260 |a Madrid  |b Alianza Editorial  |c 1998 
650 0 |a Química  |9 259896 
650 0 |a Química inorgánica  |9 260154 
650 0 |a Cinética química   |9 344779 
650 0 |a Termoquímica  |9 337401 
650 0 |a Química orgánica   |9 259426 
583 |a last modification  |c 20180403 11:34:10  |k Rodrigo Vera 
490 0 |a Ciencia y Técnica 
999 |c 337348  |d 337346